UM Logo

Last mile non-delivery : (Record no. 18366)

MARC details
000 -LEADER
fixed length control field 00936nam a22002297a 4500
003 - CONTROL NUMBER IDENTIFIER
control field OSt
005 - DATE AND TIME OF LATEST TRANSACTION
control field 20250909144438.0
008 - FIXED-LENGTH DATA ELEMENTS--GENERAL INFORMATION
fixed length control field 231018b ||||| |||| 00| 0 eng d
040 ## - CATALOGING SOURCE
Transcribing agency 0
082 ## - DEWEY DECIMAL CLASSIFICATION NUMBER
Classification number DPer 658.8005 J826 Winter-Fall 2020 v. 28 n. 1-4
100 ## - MAIN ENTRY--PERSONAL NAME
Personal name Risher, Jeffrey J.
Relator term author.
9 (RLIN) 49727
245 ## - TITLE STATEMENT
Title Last mile non-delivery :
Remainder of title consumer investment in last mile infrastructure /
Statement of responsibility, etc. Jeffrey J. Risher, Dana E. Harrison, and Stephen A. LeMay.
260 ## - PUBLICATION, DISTRIBUTION, ETC. (IMPRINT)
Place of publication, distribution, etc. Philadelphia ;
Name of publisher, distributor, etc. Taylor & Francis Group ,
Date of publication, distribution, etc. Fall 2020.
300 ## - PHYSICAL DESCRIPTION
Extent Volume 28, pages 484-496 :
Other physical details illustration ;
Dimensions 28 cm.
500 ## - GENERAL NOTE
General note Journal of Marketing Theory and Practice, vol. 28, no. 4, pages 484-496, Fall 2020.
650 #0 - SUBJECT ADDED ENTRY--TOPICAL TERM
Topical term or geographic name as entry element Consumers.
9 (RLIN) 13473
650 ## - SUBJECT ADDED ENTRY--TOPICAL TERM
Topical term or geographic name as entry element Economic development.
9 (RLIN) 49728
700 ## - ADDED ENTRY--PERSONAL NAME
Personal name Risher, Jeffrey J.
Relator term author.
9 (RLIN) 49727
700 ## - ADDED ENTRY--PERSONAL NAME
Personal name Harrison, Dana E.
Relator term author.
9 (RLIN) 49729
700 ## - ADDED ENTRY--PERSONAL NAME
Personal name LeMay, Stephen A.
Relator term author.
9 (RLIN) 49730
942 ## - ADDED ENTRY ELEMENTS (KOHA)
Source of classification or shelving scheme Dewey Decimal Classification
Koha item type Periodicals
Holdings
Withdrawn status Lost status Source of classification or shelving scheme Damaged status Not for loan Collection code Home library Current library Date acquired Total Checkouts Full call number Date last seen Price effective from Koha item type Public note
    Dewey Decimal Classification     Periodicals UM Digos College - LIC UM Digos College - LIC 10/18/2023   DPer 658.8005 J826 Winter-Fall 2020 v. 28 n. 1-4 10/18/2023 10/18/2023 Periodicals Periodical Article